000 00506 a2200169 4500
003 NUST
005 20251021141331.0
040 _cNust
082 _a621.382,AKR
100 _aAkram, Farhan SGT (TE-39)
_9131363
245 _aFPGA based mode converter intelligent traffic control system /
_cSGT Farhan Akram , SGT Asad-ul -Haq , GC Faisal Emraan , GC Qaiser
260 _aRawalpindi
_bMCS,NUST
_c2006
300 _a91p.;
650 _aUG Projects
_998716
651 _aTE-39
_9131364
942 _cPR
_2ddc
999 _c183227
_d183227